header

The material culture reader / (Record no. 250056)

MARC details
000 -LEADER
fixed length control field 01249cam a22003254a 4500
001 - CONTROL NUMBER
control field 12893464
003 - CONTROL NUMBER IDENTIFIER
control field OSt
005 - DATE AND TIME OF LATEST TRANSACTION
control field 20150922153348.0
008 - FIXED-LENGTH DATA ELEMENTS--GENERAL INFORMATION
fixed length control field 020813s2002 enka b 001 0 eng
010 ## - LIBRARY OF CONGRESS CONTROL NUMBER
LC control number 2002012481
020 ## - INTERNATIONAL STANDARD BOOK NUMBER
International Standard Book Number 1859735541
International Standard Book Number 1859735592 (pbk.)
040 ## - CATALOGING SOURCE
Original cataloging agency DLC
Transcribing agency DLC
Modifying agency DLC
042 ## - AUTHENTICATION CODE
Authentication code pcc
050 00 - LIBRARY OF CONGRESS CALL NUMBER
Classification number GN406
Item number .M3493 2002
082 00 - DEWEY DECIMAL CLASSIFICATION NUMBER
Classification number 306
Edition number 21
245 04 - TITLE STATEMENT
Title The material culture reader /
Statement of responsibility, etc edited by Victor Buchli.
260 ## - PUBLICATION, DISTRIBUTION, ETC. (IMPRINT)
Place of publication, distribution, etc Oxford ;
-- New York :
Name of publisher, distributor, etc Berg,
Date of publication, distribution, etc 2002.
300 ## - PHYSICAL DESCRIPTION
Extent xi, 274 p. :
Other physical details ill. ;
Dimensions 18 cm.
504 ## - BIBLIOGRAPHY, ETC. NOTE
Bibliography, etc Includes bibliographical references and index.
650 #0 - SUBJECT ADDED ENTRY--TOPICAL TERM
Topical term or geographic name as entry element Material culture.
700 1# - ADDED ENTRY--PERSONAL NAME
Personal name Buchli, Victor.
856 42 - ELECTRONIC LOCATION AND ACCESS
Materials specified Contributor biographical information
Uniform Resource Identifier <a href="http://www.loc.gov/catdir/enhancements/fy0612/2002012481-b.html">http://www.loc.gov/catdir/enhancements/fy0612/2002012481-b.html</a>
Materials specified Publisher description
Uniform Resource Identifier <a href="http://www.loc.gov/catdir/enhancements/fy0612/2002012481-d.html">http://www.loc.gov/catdir/enhancements/fy0612/2002012481-d.html</a>
Materials specified Table of contents only
Uniform Resource Identifier <a href="http://www.loc.gov/catdir/enhancements/fy0612/2002012481-t.html">http://www.loc.gov/catdir/enhancements/fy0612/2002012481-t.html</a>
906 ## - LOCAL DATA ELEMENT F, LDF (RLIN)
a 7
b cbc
c orignew
d 1
e ecip
f 20
g y-gencatlg
942 ## - ADDED ENTRY ELEMENTS (KOHA)
Source of classification or shelving scheme Library of Congress Classification
Koha item type Long Loan Books
Holdings
Withdrawn status Lost status Source of classification or shelving scheme Damaged status Not for loan Collection code Home library Current library Shelving location Date acquired Total Checkouts Full call number Barcode Date last seen Price effective from Koha item type
    Library of Congress Classification     Non-fiction Rongo University Library Rongo University Library General Stacks 22/09/2015   GN406 .M3493 2002 20091734 22/09/2015 22/09/2015 Long Loan Books

© 2026 Rongo University
Contact us: librarian | system librarian | Rongo university